| Tag |
First Indicator |
Second Indicator |
Subfields |
| LEADER |
00000uam a2200000 a 4500 |
| 001 |
in00004139749 |
| 005 |
20260123215351.0 |
| 006 |
m o d |
| 007 |
cr cn |
| 008 |
190517s2017 xx o eng |
| 020 |
|
|
|z 9781484225950
|
| 020 |
|
|
|z 9781484225943
|
| 035 |
|
|
|a (CaSebORM)9781484225950
|
| 040 |
|
|
|d UtOrBLW
|
| 041 |
0 |
|
|a eng
|
| 100 |
1 |
|
|a Hartwell, Jonathan,
|e author.
|
| 245 |
1 |
0 |
|a C# and XML Primer /
|c Hartwell, Jonathan.
|
| 250 |
|
|
|a 1st edition.
|
| 264 |
|
1 |
|b Apress,
|c 2017.
|
| 300 |
|
|
|a 1 online resource (86 pages)
|
| 336 |
|
|
|a text
|b txt
|2 rdacontent
|
| 337 |
|
|
|a computer
|b c
|2 rdamedia
|
| 338 |
|
|
|a online resource
|b cr
|2 rdacarrier
|
| 347 |
|
|
|a text file
|
| 520 |
|
|
|a Learn XML and how to use and integrate it into your C# applications using this compact book. This guide helps you avoid the pitfalls of dealing with XML and C# since handling XML with C# and the .NET Platform can present its own set of challenges. XML is far from a dead technology, so it is important to learn how best to use it in your applications when the need arises. What You Will Learn Gain the essentials of XML for C# development Read XML files with XMLDocuMent and XDocument Write XML with XMLDocument, XDocument, and XMLWriter Modifiy your XML with XML Document and XDocument Who This Book Is For Experienced Windows application programmers/developers using .NET and C# who may be new to using and applying XML.
|
| 533 |
|
|
|a Electronic reproduction.
|b Boston, MA :
|c Safari,
|n Available via World Wide Web.
|d 2017.
|
| 538 |
|
|
|a Mode of access: World Wide Web.
|
| 542 |
|
|
|f Copyright © 2017 by Jonathan Hartwell
|g 2017
|
| 588 |
|
|
|a Online resource; Title from title page (viewed February 20, 2017)
|
| 500 |
|
|
|a Electronic resource.
|
| 655 |
|
7 |
|a Electronic books.
|2 local
|
| 710 |
2 |
|
|a Safari, an O'Reilly Media Company.
|
| 856 |
4 |
0 |
|u https://proxy.library.tamu.edu/login?url=https://go.oreilly.com/TAMU/library/view/-/9781484225950/?ar
|z Connect to this electronic resource
|t 0
|
| 999 |
f |
f |
|s 007a790e-599f-3084-b1ea-5ef3e11dc2f8
|i 799b077f-52f4-32cd-9b88-449b42172c15
|t 0
|
| 952 |
f |
f |
|a Texas A&M University
|b College Station
|c Electronic Resources
|s www_evans
|d Available Online
|t 0
|h No information provided
|
| 998 |
f |
f |
|t 0
|l Available Online
|